00985nam a2200241Ia 450000100060000000300090000600800410001504000130005604000130006904100130008210000170009510000290011224500870014124500520022825000110028026000110029126000130030226000490031530000550036450002500041965000430066965000310071292454IT-RoPAU130308s9999 xx 000 0 und d aIT-RoPAU cIT-RoPAU aSPAGNOLO aGubern Roman gCodice Aut. SPICS: 5725 aAntropotronica (La): nuevos modelos tecno-culturales de la sociedad mass-mediatica bNuevas tecnologias En la Vida Cultural Espanola a1a ed. aMADRID bFundesco c1985 [1° Ed.:1985 - Ed.Ling.Originale:1985] a"7 p. (prefazione: no ; testo: 7 [pagine: 29-35])" aAntropotronica Nuovi Modelli tecnologici Culturali della Società Mass Mediatica Contraddizione tra Pubblico e Privato stratificazione del Potere Comunicativo e Culturale immaginario collettivo Controllo dei canali nuove relazioni Uomo Macchina aSOCIOLOGIA DELLA COMUNICAZIONE SOCIALE eCodice materia Spics: 3806